[Event "FRA-chT3 Gr06 0607"]
[Site "France"]
[Date "2006.10.15"]
[Round "1.2"]
[White "Pinot, Christophe"]
[Black "Gorge, Eric"]
[Result "0-1"]
[WhiteElo "1994"]
[BlackElo "2128"]
[PlyCount "96"]
[EventDate "2006.10.15"]
[EventType "team"]
[EventRounds "9"]
[EventCountry "FRA"]
[SourceTitle "EXT 2008"]
[Source "ChessBase"]
[SourceDate "2007.11.25"]
[SourceVersion "1"]
[SourceVersionDate "2007.11.25"]
[SourceQuality "1"]
[WhiteTeam "Rennes Paul Bert II"]
[BlackTeam "Vitre"]
[WhiteTeamCountry "FRA"]
[BlackTeamCountry "FRA"]

1. d4 d5 2. c4 e6 3. Nf3 Nf6 4. Bg5 Be7 5. Nc3 h6 6. Bh4 0-0 7. e3 b6 8. cxd5 exd5 9. Bd3 Be6 10. Rc1 Nbd7 11. 0-0 c5 12. dxc5 bxc5 13. Bb1 Re8 14. Qc2 Qa5 15. Rfd1 g6 16. Qd2 Qb6 17. Bg3 Qb7 18. Qe2 Nh5 19. Rd2 Nxg3 20. hxg3 Nb6 21. b3 Rad8 22. Qd1 Bg4 23. Ne2 d4 24. exd4 cxd4 25. Rxd4 Bf6 26. Rxd8 Rxd8 27. Qc2 Bxf3 28. gxf3 Qxf3 29. Rf1 h5 30. Qe4 Qxe4 31. Bxe4 Rd2 32. Nf4 Rxa2 33. Nd5 Bd4 34. Nxb6 Bxb6 35. Bd5 Kg7 36. Kg2 f5 37. Bc4 g5 38. Bd5 Kg6 39. Bc4 g4 40. Bd5 Kg5 41. Be6 Rb2 42. Bd5 h4 43. gxh4+ Kxh4 44. Be6 Kg5 45. Kg3 f4+ 46. Kg2 g3 47. Kf3 Bxf2 48. Bd5 Be3 0-1

[Event "Plancoet op 4th"]
[Site "Plancoet"]
[Date "2004.07.27"]
[Round "4"]
[White "Hartereau, Philippe"]
[Black "Gorge, Eric"]
[Result "1-0"]
[WhiteElo "2241"]
[BlackElo "2107"]
[PlyCount "99"]
[EventDate "2004.07.25"]
[EventType "swiss"]
[EventRounds "9"]
[EventCountry "FRA"]
[SourceTitle "CBM 101 Extra"]
[Source "ChessBase"]
[SourceDate "2004.09.01"]
[SourceVersion "2"]
[SourceVersionDate "2004.09.01"]
[SourceQuality "1"]

1. d4 Nf6 2. c4 e6 3. Nf3 b6 4. a3 Bb7 5. Nc3 Ne4 6. Nxe4 Bxe4 7. Nd2 Bb7 8. e4 f5 9. Bd3 g6 10. 0-0 Be7 11. b3 0-0 12. Bb2 Bf6 13. Qc2 Nc6 14. Nf3 Ne7 15. Rad1 fxe4 16. Bxe4 Bxe4 17. Qxe4 Nf5 18. Ne5 Qe7 19. Rfe1 Qg7 20. Ng4 h5 21. Nxf6+ Qxf6 22. Re2 Rae8 23. d5 Qf7 24. Qe5 Kh7 25. dxe6 Rxe6 26. Rxd7 Qxd7 27. Qxe6 Qd1+ 28. Re1 Qxb3 29. Qe5 c5 30. h3 Qxc4 31. g4 hxg4 32. Re4 Nd4 33. Bxd4 cxd4 34. Rxg4 Rf5 35. Qd6 Qf7 36. Qxd4 Qf6 37. Rh4+ Kg7 38. Qd7+ Qf7 39. Qd8 Qf8 40. Qd2 Kg8 41. Rd4 Kg7 42. Rd7+ Rf7 43. Qd4+ Kh6 44. Rd8 Qc5 45. Rh8+ Kg5 46. h4+ Kf5 47. Qd3+ Kf6 48. Rg8 Rg7 49. Qd8+ Qe7 50. Qd4+ 1-0

[Event "Guingamp op 7th"]
[Site "Guingamp"]
[Date "2003.03.05"]
[Round "6"]
[White "Brenneur, Roger"]
[Black "Gorge, Eric"]
[Result "1/2-1/2"]
[WhiteElo "2020"]
[BlackElo "2113"]
[PlyCount "56"]
[EventDate "2003.03.02"]
[EventType "swiss"]
[EventRounds "9"]
[EventCountry "FRA"]
[SourceTitle "EXT 2004"]
[Source "ChessBase"]
[SourceDate "2003.11.25"]
[SourceVersion "1"]
[SourceVersionDate "2003.11.25"]
[SourceQuality "1"]

1. e4 c6 2. d4 g6 3. Bd3 d5 4. e5 h5 5. Bg5 Qb6 6. Ne2 Bh6 7. Bc1 Bxc1 8. Qxc1 Nh6 9. 0-0 Bf5 10. Rd1 e6 11. Na3 Qd8 12. c4 Nd7 13. cxd5 exd5 14. b4 a6 15. Nc2 Nf8 16. Ne3 Bxd3 17. Rxd3 Ne6 18. a4 Qh4 19. g3 Qe4 20. Qd1 g5 21. Nc3 Qg6 22. Qc2 g4 23. Rd2 Qxc2 24. Nxc2 Nf5 25. h4 gxh3 26. Kh2 Ng5 27. Rd3 Nh6 28. f3 Kd7 1/2-1/2

[Event "Plancoet op 2nd"]
[Site "Plancoet"]
[Date "2002.08.01"]
[Round "7.3"]
[White "Gorge, Eric"]
[Black "Parmentier, Xavier"]
[Result "0-1"]
[WhiteElo "2126"]
[BlackElo "2348"]
[PlyCount "56"]
[EventDate "2002.07.23"]
[EventType "swiss"]
[EventRounds "9"]
[EventCountry "FRA"]
[SourceTitle "EXT 2003"]
[Source "ChessBase"]
[SourceDate "2002.11.25"]
[SourceVersion "1"]
[SourceVersionDate "2002.11.25"]
[SourceQuality "1"]

1. e4 c5 2. Nf3 Nc6 3. Bb5 g6 4. 0-0 Bg7 5. c3 Nf6 6. Re1 0-0 7. h3 e5 8. d4 cxd4 9. cxd4 exd4 10. Nxd4 Qb6 11. Nxc6 dxc6 12. Bc4 Re8 13. Nc3 Be6 14. Qe2 Bxc4 15. Qxc4 Rad8 16. Be3 Qa5 17. Rad1 Nd7 18. b4 Qa3 19. Nb1 Qa4 20. Nc3 Qc2 21. Rc1 Qb2 22. Re2 Ne5 23. Qc5 b6 24. Rxb2 bxc5 25. Bxc5 Nd3 26. Rbc2 Nxc1 27. Rxc1 Bd4 28. g3 Bxc5 0-1

[Event "Plancoet op 2nd"]
[Site "Plancoet"]
[Date "2002.07.30"]
[Round "5.7"]
[White "Gorge, Eric"]
[Black "Jolly, Jean Francois"]
[Result "1/2-1/2"]
[WhiteElo "2126"]
[BlackElo "1990"]
[PlyCount "75"]
[EventDate "2002.07.23"]
[EventType "swiss"]
[EventRounds "9"]
[EventCountry "FRA"]
[SourceTitle "EXT 2003"]
[Source "ChessBase"]
[SourceDate "2002.11.25"]
[SourceVersion "1"]
[SourceVersionDate "2002.11.25"]
[SourceQuality "1"]

1. e4 c5 2. Nf3 d6 3. d4 cxd4 4. Nxd4 Nf6 5. Nc3 a6 6. Bg5 e6 7. f4 Be7 8. Qf3 Qc7 9. 0-0-0 Nbd7 10. g4 b5 11. Bxf6 Nxf6 12. g5 Nd7 13. f5 Bxg5+ 14. Kb1 Ne5 15. Qh5 Qd8 16. Rg1 Bf6 17. Nxe6 Bxe6 18. fxe6 0-0 19. exf7+ Rxf7 20. Bh3 Qe8 21. Nd5 g6 22. Qf5 Bg7 23. Qe6 Kh8 24. Nb6 Re7 25. Qxd6 Nc4 26. Nxc4 bxc4 27. c3 Rb8 28. Bd7 Qd8 29. Be6 Qxd6 30. Rxd6 Bxc3 31. Rg2 Reb7 32. b3 cxb3 33. axb3 a5 34. Rc2 Be5 35. Ra6 Rb4 36. Rxa5 Rxe4 37. h3 Bf4 38. Rc8+ 1/2-1/2

[Event "Guingamp op 6th"]
[Site "Guingamp"]
[Date "2002.04.20"]
[Round "7"]
[White "Gorge, Eric"]
[Black "Luco, Alain"]
[Result "1-0"]
[WhiteElo "2125"]
[BlackElo "2157"]
[PlyCount "101"]
[EventDate "2002.04.16"]
[EventType "swiss"]
[EventRounds "7"]
[EventCountry "FRA"]
[SourceTitle "EXT 2003"]
[Source "ChessBase"]
[SourceDate "2002.11.25"]
[SourceVersion "1"]
[SourceVersionDate "2002.11.25"]
[SourceQuality "1"]

1. e4 e5 2. Nf3 Nf6 3. Nxe5 d6 4. Nc4 Nxe4 5. Nc3 Nxc3 6. bxc3 Be7 7. d4 0-0 8. Bd3 Nd7 9. 0-0 Nf6 10. Ne3 d5 11. c4 dxc4 12. Bxc4 c6 13. Bb2 Bd6 14. Qf3 Qc7 15. h3 Be6 16. Bd3 Nd5 17. c4 Nf4 18. Bb1 Rad8 19. Rd1 Qe7 20. d5 Bxh3 21. gxh3 Qh4 22. Nf5 Nxh3+ 23. Kf1 Qxc4+ 24. Bd3 Ng5 25. Qh5 Qf4 26. Bc1 Qf3 27. Qxf3 Nxf3 28. Nxd6 Rxd6 29. Ba3 Rxd5 30. Bxf8 Kxf8 31. Kg2 Ng5 32. Bc4 Rc5 33. Rd4 b5 34. Bb3 a5 35. f4 Ne6 36. Bxe6 fxe6 37. Rad1 Ke7 38. Kf3 a4 39. R1d2 Rc1 40. Rd1 Rc2 41. R1d2 Rc1 42. Re2 c5 43. Rde4 b4 44. Rxe6+ Kd7 45. Re7+ Kc6 46. Ke4 b3 47. axb3 axb3 48. Rxg7 c4 49. Kd4 Kb5 50. Rb7+ Ka4 51. Kc5 1-0

[Event "Guingamp op 6th"]
[Site "Guingamp"]
[Date "2002.04.18"]
[Round "4"]
[White "Gorge, Eric"]
[Black "Coent, Yann"]
[Result "1-0"]
[WhiteElo "2125"]
[BlackElo "1810"]
[PlyCount "67"]
[EventDate "2002.04.16"]
[EventType "swiss"]
[EventRounds "7"]
[EventCountry "FRA"]
[SourceTitle "EXT 2003"]
[Source "ChessBase"]
[SourceDate "2002.11.25"]
[SourceVersion "1"]
[SourceVersionDate "2002.11.25"]
[SourceQuality "1"]

1. e4 e5 2. Nf3 Nc6 3. Bb5 a6 4. Ba4 Nf6 5. 0-0 b5 6. Bb3 Be7 7. Re1 d6 8. c3 0-0 9. h3 h6 10. d4 exd4 11. cxd4 Re8 12. Nbd2 Bb7 13. Nf1 Bf8 14. Ng3 Nb8 15. Bc2 Nbd7 16. Nh2 c5 17. d5 Ne5 18. f4 Ng6 19. Nf3 Qc7 20. h4 Rad8 21. h5 Ne7 22. b3 Bc8 23. Bb2 Ng4 24. Rc1 f5 25. exf5 Qb7 26. Ng5 Nf6 27. Bxf6 gxf6 28. Ne6 Rd7 29. Ne4 Kf7 30. Qg4 Qxd5 31. Rcd1 Qc6 32. Re3 d5 33. Rg3 Nxf5 34. Qg6+ 1-0

[Event "Agneaux St Lo op 06th"]
[Site "Agneaux"]
[Date "2002.02.18"]
[Round "3"]
[White "Gorge, Eric"]
[Black "Piankov, Evgenij"]
[Result "0-1"]
[WhiteElo "2137"]
[BlackElo "2345"]
[PlyCount "70"]
[EventDate "2002.02.15"]
[EventType "swiss"]
[EventRounds "7"]
[EventCountry "FRA"]
[SourceTitle "EXT 2003"]
[Source "ChessBase"]
[SourceDate "2002.11.25"]
[SourceVersion "1"]
[SourceVersionDate "2002.11.25"]
[SourceQuality "1"]

1. e4 c6 2. Nc3 d5 3. Nf3 Bg4 4. h3 Bxf3 5. Qxf3 e6 6. b3 Nf6 7. Bb2 Bb4 8. e5 Nfd7 9. Qg4 Bf8 10. f4 b5 11. a4 b4 12. Ne2 g6 13. Nd4 a6 14. Be2 c5 15. Nf3 Nc6 16. 0-0 Bg7 17. Rad1 0-0 18. Kh1 Qe7 19. d4 Rfc8 20. dxc5 Nxc5 21. Nd4 h5 22. Qf3 h4 23. Nxc6 Rxc6 24. c4 bxc3 25. Qxc3 Qb7 26. Kh2 Rac8 27. Qe1 Nxb3 28. Bd3 Qe7 29. Rf3 Nc5 30. Ba3 Nxd3 31. Rfxd3 Qd8 32. Bb4 Rc4 33. Ba5 Qe7 34. Rd4 Bf8 35. Qe3 Qa3 0-1

[Event "FRA-ch67 corr"]
[Site "France"]
[Date "2002.??.??"]
[Round "?"]
[White "Dieu, Bruno"]
[Black "Gorge, Eric"]
[Result "0-1"]
[WhiteElo "2336"]
[BlackElo "2289"]
[PlyCount "62"]
[EventDate "2002.01.01"]
[EventType "tourn (corr)"]
[EventRounds "10"]
[EventCountry "FRA"]
[SourceTitle "Corr 2004"]
[Source "ChessBase"]
[SourceDate "2003.04.28"]
[SourceVersion "3"]
[SourceVersionDate "2003.04.28"]
[SourceQuality "1"]

1. d4 Nf6 2. c4 g6 3. Nc3 d5 4. cxd5 Nxd5 5. e4 Nxc3 6. bxc3 Bg7 7. Nf3 c5 8. Bb5+ Nc6 9. d5 Qa5 10. Rb1 a6 11. Ba4 b5 12. dxc6 Bxc3+ 13. Bd2 Bxd2+ 14. Nxd2 bxa4 15. Qc2 Be6 16. Rc1 0-0-0 17. Rd1 Rd4 18. 0-0 Rhd8 19. Nf3 Rxd1 20. Rxd1 Rxd1+ 21. Qxd1 Kc7 22. Ng5 Kxc6 23. Nxe6 fxe6 24. h3 Qb4 25. Qc2 c4 26. Kf1 c3 27. Ke2 Kc5 28. f3 Qb2 29. Kd3 Qxc2+ 30. Kxc2 Kc4 31. g3 e5 0-1

[Event "FRA-ch67 corr"]
[Site "France"]
[Date "2002.??.??"]
[Round "?"]
[White "Gorge, Eric"]
[Black "Bernard, Claude"]
[Result "1/2-1/2"]
[WhiteElo "2289"]
[BlackElo "2335"]
[PlyCount "69"]
[EventDate "2002.01.01"]
[EventType "tourn (corr)"]
[EventRounds "10"]
[EventCountry "FRA"]
[SourceTitle "Corr 2004"]
[Source "ChessBase"]
[SourceDate "2003.04.28"]
[SourceVersion "3"]
[SourceVersionDate "2003.04.28"]
[SourceQuality "1"]

1. e4 e6 2. d4 d5 3. Nd2 Nf6 4. e5 Nfd7 5. Bd3 c5 6. c3 Nc6 7. Ne2 cxd4 8. cxd4 f6 9. exf6 Nxf6 10. Nf3 Bd6 11. 0-0 Qc7 12. Bg5 0-0 13. Rc1 Bd7 14. Ng3 h6 15. Bd2 Qb6 16. Bc3 Bf4 17. Rc2 Nb4 18. Bxb4 Qxb4 19. Ne5 Be8 20. Ne2 Bxe5 21. dxe5 Ng4 22. Nd4 Nxe5 23. Nxe6 Rf6 24. Nd4 Rd8 25. Qd2 Rb6 26. Qxb4 Rxb4 27. Ne6 Rd6 28. Nc5 b6 29. f4 Nc4 30. Ne4 Rd8 31. Bxc4 Rxc4 32. Nc3 d4 33. Rd2 Kf7 34. Ne4 d3 35. Nf2 1/2-1/2

[Event "FRA-ch68 corr"]
[Site "France"]
[Date "2002.??.??"]
[Round "?"]
[White "Gorge, Eric"]
[Black "Fister, Bernard"]
[Result "1-0"]
[WhiteElo "2339"]
[BlackElo "2332"]
[PlyCount "105"]
[EventDate "2002.06.01"]
[EventType "tourn (corr)"]
[EventRounds "12"]
[EventCountry "FRA"]
[SourceTitle "Corr 2004"]
[Source "ChessBase"]
[SourceDate "2003.04.28"]
[SourceVersion "3"]
[SourceVersionDate "2003.04.28"]
[SourceQuality "1"]

1. e4 c6 2. d4 d5 3. Nc3 Nd7 4. exd5 cxd5 5. Nxd5 e6 6. Ne3 Ngf6 7. Nf3 b6 8. Bd3 Bb7 9. 0-0 Qc7 10. Qe2 Be7 11. Nc4 0-0 12. Re1 Rac8 13. Nce5 Nxe5 14. Nxe5 b5 15. c3 b4 16. Bd2 Qd6 17. f4 Rc7 18. f5 Bc8 19. fxe6 Bxe6 20. Qf2 Rd8 21. Bf4 Qb6 22. Rac1 Rcc8 23. Nf3 h6 24. h3 Nd5 25. Bd2 bxc3 26. bxc3 Ba3 27. Rc2 Qc7 28. Ne5 Ne7 29. Qh4 Bd6 30. Qh5 Rb8 31. a4 Bb3 32. Rb2 Be6 33. Rb5 Nd5 34. Qf3 Ne7 35. Rxb8 Rxb8 36. c4 Rd8 37. Bc3 a5 38. d5 f6 39. dxe6 Bxe5 40. Bxe5 fxe5 41. Qf7+ Kh8 42. Be4 Qc5+ 43. Kh2 Rg8 44. Bf3 Qb4 45. Re4 Qd6 46. Kh1 Qb4 47. Rg4 Qb1+ 48. Kh2 Qb8 49. Be4 Qf8 50. Rg3 Qxf7 51. exf7 Rf8 52. Rb3 g5 53. Rb5 1-0

[Event "FRA-ch67 corr"]
[Site "France"]
[Date "2002.??.??"]
[Round "?"]
[White "Gorge, Eric"]
[Black "Gachon, Lionel"]
[Result "1/2-1/2"]
[WhiteElo "2289"]
[BlackElo "2188"]
[PlyCount "57"]
[EventDate "2002.01.01"]
[EventType "tourn (corr)"]
[EventRounds "10"]
[EventCountry "FRA"]
[SourceTitle "Corr 2004"]
[Source "ChessBase"]
[SourceDate "2003.04.28"]
[SourceVersion "3"]
[SourceVersionDate "2003.04.28"]
[SourceQuality "1"]

1. e4 d6 2. d4 Nf6 3. Nc3 g6 4. f4 Bg7 5. Nf3 c5 6. Bb5+ Bd7 7. e5 Ng4 8. Bxd7+ Qxd7 9. d5 dxe5 10. h3 e4 11. Nxe4 Nf6 12. Nxf6+ Bxf6 13. 0-0 0-0 14. c4 e6 15. Ne5 Qd6 16. Be3 exd5 17. Qxd5 Qxd5 18. cxd5 Rd8 19. Rad1 Nd7 20. Nxd7 Rxd7 21. Bxc5 Bxb2 22. Rf2 Bf6 23. g4 h6 24. Kg2 b6 25. Ba3 Rc8 26. Rd3 Rc4 27. Kf3 g5 28. f5 b5 29. Re2 1/2-1/2

[Event "FRA-ch68 corr"]
[Site "France"]
[Date "2002.??.??"]
[Round "?"]
[White "Gorge, Eric"]
[Black "Le Bled, Pierre"]
[Result "1-0"]
[WhiteElo "2339"]
[BlackElo "2207"]
[PlyCount "61"]
[EventDate "2002.06.01"]
[EventType "tourn (corr)"]
[EventRounds "12"]
[EventCountry "FRA"]
[SourceTitle "Corr 2004"]
[Source "ChessBase"]
[SourceDate "2003.04.28"]
[SourceVersion "3"]
[SourceVersionDate "2003.04.28"]
[SourceQuality "1"]

1. e4 c5 2. Nf3 d6 3. d4 cxd4 4. Nxd4 Nf6 5. Nc3 g6 6. Be3 Bg7 7. f3 0-0 8. Qd2 Nc6 9. Bc4 Bd7 10. h4 Ne5 11. Bb3 Qa5 12. 0-0-0 Rfc8 13. g4 b5 14. h5 Nc4 15. Bxc4 bxc4 16. Bh6 Bh8 17. Nf5 Bxf5 18. exf5 Rab8 19. hxg6 fxg6 20. fxg6 hxg6 21. Qe3 Qe5 22. Qxa7 Ra8 23. Qf2 Kf7 24. Rde1 Qa5 25. Qe2 e5 26. f4 Nd5 27. Qf3 Nxc3 28. bxc3 Bf6 29. g5 Be7 30. fxe5+ Ke8 31. Bg7 1-0

[Event "Guingamp op 6th"]
[Site "Guingamp"]
[Date "2002.??.??"]
[Round "6"]
[White "Gorge, Eric"]
[Black "Priser, Patrick"]
[Result "1-0"]
[WhiteElo "2125"]
[BlackElo "1960"]
[PlyCount "63"]
[EventDate "2002.04.16"]
[EventType "swiss"]
[EventRounds "7"]
[EventCountry "FRA"]
[SourceTitle "EXT 2003"]
[Source "ChessBase"]
[SourceDate "2002.11.25"]
[SourceVersion "1"]
[SourceVersionDate "2002.11.25"]
[SourceQuality "1"]

1. e4 c5 2. Nf3 e6 3. d4 cxd4 4. Nxd4 Nc6 5. Nc3 Qc7 6. Be2 a6 7. 0-0 Nf6 8. Be3 d6 9. a4 Be7 10. f4 0-0 11. Kh1 Nxd4 12. Bxd4 b6 13. e5 Nd7 14. Bd3 dxe5 15. fxe5 Nxe5 16. Bxh7+ Kxh7 17. Qh5+ Kg8 18. Bxe5 Qc5 19. b4 Qe3 20. Rf3 Qg5 21. Qxg5 Bxg5 22. Rg3 f6 23. Ne4 fxe5 24. Nxg5 Rf2 25. Rd1 Bd7 26. Kg1 Raf8 27. h4 Bxa4 28. Nxe6 Bxc2 29. Nxf8 Rxf8 30. Rd7 Rf7 31. Rxf7 Kxf7 32. Re3 1-0

[Event "Fouesnant op 07th"]
[Site "Fouesnant"]
[Date "2001.10.30"]
[Round "5"]
[White "Gorge, Eric"]
[Black "Illien, Jean Marc"]
[Result "1-0"]
[WhiteElo "2150"]
[BlackElo "1990"]
[PlyCount "73"]
[EventDate "2001.10.27"]
[EventType "swiss"]
[EventRounds "7"]
[EventCountry "FRA"]
[SourceTitle "EXT 2003"]
[Source "ChessBase"]
[SourceDate "2002.11.25"]
[SourceVersion "1"]
[SourceVersionDate "2002.11.25"]
[SourceQuality "1"]

1. e4 c5 2. Nf3 Nc6 3. d4 cxd4 4. Nxd4 g6 5. Nc3 Bg7 6. Be3 Nf6 7. Bc4 0-0 8. 0-0 Nxe4 9. Nxe4 d5 10. Nxc6 bxc6 11. Bd3 dxe4 12. Bxe4 Rb8 13. Qxd8 Rxd8 14. Rfd1 Bd7 15. Bxa7 Rxb2 16. Bd4 Bxd4 17. Rxd4 c5 18. Rd2 Rb4 19. f3 Rd4 20. Rxd4 cxd4 21. a4 f5 22. Bd5+ Kf8 23. a5 Bc8 24. Bc4 Bb7 25. a6 Ba8 26. Rb1 e5 27. a7 Ke7 28. Rb8 Bc6 29. Ba6 Rd7 30. a8Q Bxa8 31. Rxa8 e4 32. fxe4 fxe4 33. Bb5 Rb7 34. Bc6 Rb1+ 35. Kf2 d3 36. Ke3 Kd6 37. Bxe4 1-0

[Event "Fouesnant op 07th"]
[Site "Fouesnant"]
[Date "2001.10.28"]
[Round "2"]
[White "Fassier, Michel"]
[Black "Gorge, Eric"]
[Result "0-1"]
[WhiteElo "1360"]
[BlackElo "2150"]
[PlyCount "44"]
[EventDate "2001.10.27"]
[EventType "swiss"]
[EventRounds "7"]
[EventCountry "FRA"]
[SourceTitle "EXT 2003"]
[Source "ChessBase"]
[SourceDate "2002.11.25"]
[SourceVersion "1"]
[SourceVersionDate "2002.11.25"]
[SourceQuality "1"]

1. e4 c5 2. c4 Nc6 3. Nf3 g6 4. Be2 Bg7 5. 0-0 d6 6. d3 Bg4 7. Na3 Bxf3 8. Bxf3 e5 9. Nc2 Nge7 10. Be3 0-0 11. Qd2 f5 12. exf5 gxf5 13. Bh6 Ng6 14. Bxg7 Kxg7 15. Bxc6 bxc6 16. f3 Rb8 17. b3 Nf4 18. Rf2 Rf6 19. Rd1 Rg6 20. Kh1 Qg5 21. Rg1 Nh3 22. Qxg5 Nxf2# 0-1